=LDR 00000nam 2200000 4500 =001 INLIS000000000810212 =005 20251113021123 =035 ##$$a 0010-1125000066 =245 1#$$a Al-Kabair /$c Imam Adz-Dzahabi ; penerjemah, Asban bin Ali ; penyunting, Team Darus Sunnah =100 #$$a Syaikh Muhammad bin Shalih al-‘Utsaimin =300 ##$; $c 24 cm. =260 ##$$a Jakarta Timur : :$b Darus Sunnah,$c 2019 =082 ##$$a 297.522 =084 ##$$a 297.522 DZA a =020 ##$$a 9789793772899